<?xml version="1.0" encoding="UTF-8"?>
<record
    xmlns:xsi="http://www.w3.org/2001/XMLSchema-instance"
    xsi:schemaLocation="http://www.loc.gov/MARC21/slim http://www.loc.gov/standards/marcxml/schema/MARC21slim.xsd"
    xmlns="http://www.loc.gov/MARC21/slim">

  <leader>00760cam a2200241 i 4500</leader>
  <controlfield tag="003">OSt</controlfield>
  <controlfield tag="005">20210209120017.0</controlfield>
  <controlfield tag="008">960607s1983    ck ao  gr     000 0dspa d</controlfield>
  <datafield tag="020" ind1=" " ind2=" ">
    <subfield code="a">8489209278</subfield>
  </datafield>
  <datafield tag="040" ind1=" " ind2=" ">
    <subfield code="a">CO-BoPUJ</subfield>
    <subfield code="c">CO-JMCR</subfield>
  </datafield>
  <datafield tag="041" ind1="0" ind2=" ">
    <subfield code="a">spa</subfield>
  </datafield>
  <datafield tag="082" ind1="0" ind2="4">
    <subfield code="a">070.2 / </subfield>
    <subfield code="b">C112k </subfield>
    <subfield code="2">23</subfield>
  </datafield>
  <datafield tag="100" ind1="1" ind2=" ">
    <subfield code="a">Caballero Calderon, Lucas</subfield>
    <subfield code="e">autor</subfield>
    <subfield code="9">11141</subfield>
  </datafield>
  <datafield tag="245" ind1="1" ind2="0">
    <subfield code="a">Klim : </subfield>
    <subfield code="b">45 a&#xF1;os de humor / </subfield>
    <subfield code="c">Lucas Caballero Calderon</subfield>
  </datafield>
  <datafield tag="250" ind1=" " ind2=" ">
    <subfield code="a">Primera edici&#xF3;n.</subfield>
  </datafield>
  <datafield tag="260" ind1=" " ind2=" ">
    <subfield code="a">Bogot&#xE1; : </subfield>
    <subfield code="b">El Ancora, </subfield>
    <subfield code="c">1983</subfield>
  </datafield>
  <datafield tag="300" ind1=" " ind2=" ">
    <subfield code="a">198 p&#xE1;ginas : </subfield>
    <subfield code="b">ilustraciones, fotos ; </subfield>
    <subfield code="c">19 cm. </subfield>
  </datafield>
  <datafield tag="500" ind1=" " ind2=" ">
    <subfield code="a">Datos biogr&#xE1;ficos del autor en solapas.</subfield>
  </datafield>
  <datafield tag="650" ind1="1" ind2="4">
    <subfield code="a">Cr&#xF3;nicas period&#xED;sticas</subfield>
    <subfield code="9">2252</subfield>
  </datafield>
  <datafield tag="650" ind1="2" ind2="4">
    <subfield code="a">Humorismo colombiano</subfield>
    <subfield code="9">13187</subfield>
  </datafield>
  <datafield tag="650" ind1="2" ind2="4">
    <subfield code="a">Periodismo colombiano</subfield>
    <subfield code="9">13188</subfield>
  </datafield>
  <datafield tag="942" ind1=" " ind2=" ">
    <subfield code="2">ddc</subfield>
    <subfield code="c">BK</subfield>
  </datafield>
  <datafield tag="999" ind1=" " ind2=" ">
    <subfield code="c">7133</subfield>
    <subfield code="d">7133</subfield>
  </datafield>
  <datafield tag="952" ind1=" " ind2=" ">
    <subfield code="0">0</subfield>
    <subfield code="1">0</subfield>
    <subfield code="2">ddc</subfield>
    <subfield code="4">0</subfield>
    <subfield code="7">0</subfield>
    <subfield code="a">CPL</subfield>
    <subfield code="b">CPL</subfield>
    <subfield code="c">GEN</subfield>
    <subfield code="d">2020-10-02</subfield>
    <subfield code="e">Donaci&#xF3;n</subfield>
    <subfield code="l">2</subfield>
    <subfield code="o">070.2 / C112k </subfield>
    <subfield code="p">201810443</subfield>
    <subfield code="r">2025-07-08 07:58:13</subfield>
    <subfield code="s">2025-07-07</subfield>
    <subfield code="t">Ej.1</subfield>
    <subfield code="w">2020-10-02</subfield>
    <subfield code="y">BK</subfield>
  </datafield>
</record>
